九命奇冤
| 資料類型: | 圖書 | 書目號: | 32089 |
Leader xxxxxxxxxx 001 __ 75047281 005 __ 19940223214813.0 008 __ chi 010 0_ |a|b平裝|dNT$200 100 __ |a19901016d1981 y0chiy0109 e. 101 0_ |achi. 102 __ |acn. 105 __ |ay z 000ay. 200 1_ |a九命奇冤|e|f(清)吳趼人著. 205 __ |a 210 __ |a臺北市|c文化|d民74 215 0_ |a288面|c|d21公分. 225 __ |a中國古典文學|v 260 1_ |a1981. 681 __ |a857.4 700 _1 |s清|4|a吳|b趼人. 702 __ |a|b|4 801 _0 |acw|b清大|c19900801. 801 _1 |acw|b清大|c19901016. |